Thực hành Gis
Nội dung hướng dẫn sử dụng phần mềm ArcMap của ESRI, những thông tin đã được chọn lọc, sắp xếp, và trình bày đơn giản.... ; DL007
Na minha lista:
| Autor principal: | |
|---|---|
| Outros Autores: | |
| Formato: | Livro |
| Idioma: | Undetermined |
| Publicado em: |
Tp. Hồ Chí Minh
Đại học Quốc gia Tp. Hồ Chí Minh
2014
|
| Assuntos: | |
| Acesso em linha: | http://lrc.tdmu.edu.vn/opac/search/detail.asp?aID=2&ID=21979 |
| Tags: |
Adicionar Tag
Sem tags, seja o primeiro a adicionar uma tag!
|
| Thư viện lưu trữ: | Trung tâm Học liệu Trường Đại học Thủ Dầu Một |
|---|
| LEADER | 01012nam a2200217Ia 4500 | ||
|---|---|---|---|
| 001 | TDMU_21979 | ||
| 008 | 210410s9999 xx 000 0 und d | ||
| 082 | |a 910.28553 | ||
| 090 | |b TR121 | ||
| 100 | |a Trần,Trọng Đức | ||
| 245 | 0 | |a Thực hành Gis | |
| 245 | 0 | |c Trần Trọng Đức | |
| 260 | |a Tp. Hồ Chí Minh | ||
| 260 | |b Đại học Quốc gia Tp. Hồ Chí Minh | ||
| 260 | |c 2014 | ||
| 300 | |a 191tr. | ||
| 520 | |a Nội dung hướng dẫn sử dụng phần mềm ArcMap của ESRI, những thông tin đã được chọn lọc, sắp xếp, và trình bày đơn giản.... ; DL007 |d Hệ thống thông tin địa lý (GIS) | ||
| 650 | |a Hệ thống thông tin địa lý (Gis); Phần mềm ứng dụng |x Gis | ||
| 700 | |a Đại học Quốc gia Tp. Hồ Chí Minh | ||
| 856 | |u http://lrc.tdmu.edu.vn/opac/search/detail.asp?aID=2&ID=21979 | ||
| 980 | |a Trung tâm Học liệu Trường Đại học Thủ Dầu Một | ||